000 00663nai a2200205Ia 4500
003 IN-BaIIA
008 211028c9999 xx s 000 0 eng d
022 _a00030996 (Print)
022 _a15452786 (Online)
040 _cIIA Library
245 0 _aAmerican Scientist
_h[eJournal]
260 _aNorth Carolina, USA
_bSigma Xi, The Scientific Research Honor Society
310 _aBi-monthly
362 _a30(2); 1913 - 102(6); 2015
521 _bSubscribed through IIA Library
650 _a Science & Mathematics
_932028
650 _aGeneral Science
_95049
856 _uhttps://www.jstor.org/journal/amerscie
_yClick Here to Access eJournal
942 _cEJ
999 _c33984
_d33984